Ecology of Coccinellidae / (Record no. 36955)
[ view plain ]
| 000 -LEADER | |
|---|---|
| fixed length control field | 01083nam a2200313 a 4500 |
| 001 - CONTROL NUMBER | |
| control field | 36955 |
| 003 - CONTROL NUMBER IDENTIFIER | |
| rucl marc code | BD-RjUL |
| 005 - DATE AND TIME OF LATEST TRANSACTION | |
| control field | 20211209052548.0 |
| 008 - FIXED-LENGTH DATA ELEMENTS--GENERAL INFORMATION | |
| fixed length control field | 140924s1996 ne a b 001 0 eng |
| 020 ## - INTERNATIONAL STANDARD BOOK NUMBER | |
| International Standard Book Number | 0792341775 (alk. paper) |
| 035 ## - SYSTEM CONTROL NUMBER | |
| System control number | (BD-RjUL)37057 |
| 040 ## - CATALOGING SOURCE | |
| Original cataloging agency | DLC |
| Transcribing agency | DLC |
| Modifying agency | DLC |
| -- | BD-RjUL |
| Language of cataloging | eng |
| 041 ## - LANGUAGE CODE | |
| Language code of text/sound track or separate title | eng |
| 082 00 - DEWEY DECIMAL CLASSIFICATION NUMBER | |
| Classification number | 595.769 |
| Edition number | 20 |
| Author mark and year | HOE 1996 |
| 100 1# - MAIN ENTRY--PERSONAL NAME | |
| Personal name | Hodek, Ivo. |
| 9 (RLIN) | 112905 |
| 245 10 - TITLE STATEMENT | |
| Title | Ecology of Coccinellidae / |
| Statement of responsibility, etc. | by I. Hodek and A. Honěk with contributions from P. Ceryngier and I. Kovář. |
| 260 ## - PUBLICATION, DISTRIBUTION, ETC. (IMPRINT) | |
| Place of publication, distribution, etc. | Dordrecht ; |
| -- | Boston : |
| Name of publisher, distributor, etc. | Kluwer Academic, |
| Date of publication, distribution, etc. | 1996. |
| 300 ## - PHYSICAL DESCRIPTION | |
| Pagination | x, 146 p. : |
| Illustrations | ill. ; |
| Size | 25 cm. |
| 500 ## - GENERAL NOTE | |
| General note | Rev. ed. of: Biology of Coccinellidae. 1973. |
| General note | Includes preface to the 1973 edition. |
| 504 ## - BIBLIOGRAPHY, ETC. NOTE | |
| Bibliography, etc | Includes bibliographical references and indexes. |
| 650 #0 - SUBJECT ADDED ENTRY--TOPICAL TERM | |
| Topical term or geographic name as entry element | Ladybugs |
| General subdivision | Ecology. |
| 9 (RLIN) | 112907 |
| 700 1# - ADDED ENTRY--PERSONAL NAME | |
| Personal name | Honěk, A. |
| Fuller form of name | (Alois) |
| Personal name | Hodek, Ivo. |
| 942 ## - ADDED ENTRY ELEMENTS (KOHA) | |
| Source of classification or shelving scheme | Dewey Decimal Classification |
| Koha item type | Books |
| Lost status | Source of classification or shelving scheme | Damaged status | Not for loan | Collection code | Permanent Location | Current Location | Shelving location | Date acquired | Source of acquisition | Cost, normal purchase price | Total Checkouts | Full call number | Date last seen | Copy number | Koha item type |
|---|---|---|---|---|---|---|---|---|---|---|---|---|---|---|---|
| Dewey Decimal Classification | Not For Loan | Non-fiction | Institute of Biological Sciences (IBSc) Library | Institute of Biological Sciences (IBSc) Library | 24/09/2014 | Karim International | 9400.00 | 595.769 HOE 1996 | 24/09/2014 | C-1 | Books |